00220nam a2200097Ia 4500008004100000041001200041100001700053245003900070260000600109650000700115221030s9999 xx 000 0 und d aEnglish aS. P. Sharma 0aTourism Educationcby S. P. Sharma c0 aMb